| LEADER | 01895nam a2200253 4500 | ||
|---|---|---|---|
| 082 | |a 571.8 |b TR120D | ||
| 100 | |a Trần Duy Nga | ||
| 245 | |a Chuyên đề sinh sản - nội tiết |c Trần Duy Nga, Nguyễn Đức Quang, Nguyễn Hải Yến | ||
| 260 | |a Huế: |b Thuận Hóa, |c 1995. | ||
| 300 | |a 54 tr.; |c 24 cm. | ||
| 520 | |a v.v... | ||
| 653 | |a Sinh học | ||
| 942 | |2 ddc |c STK0 | ||
| 999 | |c 7127 |d 7127 | ||
| 952 | |0 0 |1 0 |2 ddc |4 0 |6 571_800000000000000_TR120D |7 0 |8 500 |9 66253 |a qbu |b qbu |c D3 |d 2015-01-28 |o 571.8 TR120D |p 6424.c1 |r 0000-00-00 |w 2015-01-28 |y STK0 | ||
| 952 | |0 0 |1 0 |2 ddc |4 0 |6 571_800000000000000_TR120D |7 0 |8 500 |9 66254 |a qbu |b qbu |c D3 |d 2015-01-28 |o 571.8 TR120D |p 6424.c2 |r 0000-00-00 |w 2015-01-28 |y STK0 | ||
| 952 | |0 0 |1 0 |2 ddc |4 0 |6 571_800000000000000_TR120D |7 0 |8 500 |9 66255 |a qbu |b qbu |c D3 |d 2015-01-28 |o 571.8 TR120D |p 6424.c3 |r 0000-00-00 |w 2015-01-28 |y STK0 | ||
| 952 | |0 0 |1 0 |2 ddc |4 0 |6 571_800000000000000_TR120D |7 0 |8 500 |9 66256 |a qbu |b qbu |c D3 |d 2015-01-28 |o 571.8 TR120D |p 6424.c4 |r 0000-00-00 |w 2015-01-28 |y STK0 | ||
| 952 | |0 0 |1 0 |2 ddc |4 0 |6 571_800000000000000_TR120D |7 0 |8 500 |9 66257 |a qbu |b qbu |c D3 |d 2015-01-28 |o 571.8 TR120D |p 6424.c5 |r 0000-00-00 |w 2015-01-28 |y STK0 | ||
| 952 | |0 0 |1 0 |2 ddc |4 0 |6 571_800000000000000_TR120D |7 0 |8 500 |9 66258 |a qbu |b qbu |c D3 |d 2015-01-28 |o 571.8 TR120D |p 6424.c6 |r 0000-00-00 |w 2015-01-28 |y STK0 | ||
| 952 | |0 0 |1 0 |2 ddc |4 0 |6 571_800000000000000_TR120D |7 0 |8 500 |9 66259 |a qbu |b qbu |c D3 |d 2015-01-28 |o 571.8 TR120D |p 6424.c7 |r 0000-00-00 |w 2015-01-28 |y STK0 | ||
| 952 | |0 0 |1 0 |2 ddc |4 0 |6 571_800000000000000_TR120D |7 0 |8 500 |9 66260 |a qbu |b qbu |c D3 |d 2015-01-28 |o 571.8 TR120D |p 6424.c8 |r 0000-00-00 |w 2015-01-28 |y STK0 | ||
| 952 | |0 0 |1 0 |2 ddc |4 0 |6 571_800000000000000_TR120D |7 0 |8 500 |9 66261 |a qbu |b qbu |c D3 |d 2015-01-28 |o 571.8 TR120D |p 6424.c9 |r 0000-00-00 |w 2015-01-28 |y STK0 | ||
| 952 | |0 0 |1 0 |2 ddc |4 0 |6 571_800000000000000_TR120D |7 0 |8 500 |9 66262 |a qbu |b qbu |c D3 |d 2015-01-28 |o 571.8 TR120D |p 6424.c10 |r 0000-00-00 |w 2015-01-28 |y STK0 | ||